Score 0/7 Timer 03:00
0 Plays Today
Question Answer Wrong Answers
This American singer-songwriter and poet, best remembered as the lead vocalist of the rock band The Doors, is born.
1943
Jim Morrison
93%
Roger Daltrey
2.3%
Robert Plant
2%
Steven Tyler
1.4%
US President Franklin D. Roosevelt declares December 7th to be “a date which will live in ______”, after which the US declares war on Japan.
1941
Infamy
91.6%
Notoriety
3.3%
Disgrace
2.2%
Atrocity
2%
US President Ronald Reagan and this Soviet leader sign a treaty eliminating medium range nuclear missiles.
1987
Mikhail Gorbachev
86.5%
Leonid Brezhnev
5.2%
Konstantin Chernenko
1.3%
Boris Yeltsin
5.3%
This heavy metal band from Los Angeles performs a show in Antarctica, making them the first band to perform on all 7 continents.
2013
Metallica
72.1%
Black Sabbath
9.7%
Motörhead
4.3%
Iron Maiden
12%
This film, which stars Robert De Niro, Christopher Walken, and Meryl Streep, premieres in Los Angeles; it will eventually win Best Picture at the Academy Awards.
1978
The Deer Hunter
69.3%
Raging Bull
11.9%
Taxi Driver
15.6%
A Bronx Tale
1.6%
Following the death of Oscar II, his oldest son, Gustaf V, accedes to the throne of this country, ruling until 1950.
1907
Sweden
67.8%
Denmark
18.3%
Netherlands
7.2%
Belgium
6.6%
Kaiser Wilhelm II and other leaders of the ______ Empire hold an Imperial War Council to discuss the possibility that war might break out.
1912
German
48.2%
Prussian
27.2%
British
1.3%
Ottoman
22.9%
Remove Ads.
Support Sporcle.
Get the best of Sporcle when you Go Orange. This ad-free experience offers more features, more stats, and more fun while also helping to support Sporcle. Thank you for becoming a member.

You're not logged in!

Compare scores with friends on all Sporcle quizzes.
OR
Log In

Show Comments

Extras

Top Quizzes Today


Score Distribution

Your Account Isn't Verified!

In order to create a playlist on Sporcle, you need to verify the email address you used during registration. Go to your Sporcle Settings to finish the process.

Report this User

Report this user for behavior that violates our Community Guidelines.

Details: